[Event "RUS-chT 1L"]
[Site "Sochi RUS"]
[Date "2005.04.24"]
[Round "6"]
[White "Pokazanyev, Nikolai"]
[Black "Vorobiov, Evgeny"]
[Result "1/2-1/2"]
[WhiteElo "2380"]
[BlackElo "2550"]
[EventDate "2005.04.19"]
[PlyCount "81"]

1.e4 c5 2.c3 Nf6 3.e5 Nd5 4.d4 cxd4 5.Nf3 Nc6 6.Bc4 Nb6 7.Bb3 d5 8.exd6 
Qxd6 9.Na3 dxc3 10.Qe2 Bf5 11.Nb5 Qd7 12.Ne5 Nxe5 13.Qxe5 Rc8 14.Nxa7 f6 
15.Qa5 cxb2 16.Bxb2 Nc4 17.Bxc4 Rxc4 18.O-O Ra4 19.Qb6 Ra6 20.Qe3 Qa4 21.
Bd4 e5 22.Bxe5 Re6 23.Qd4 Qa5 24.Bb8 Ba3 25.Qc4 Kf7 26.Nb5 Rxb8 27.Nxa3 
Rd8 28.Qb3 Rd3 29.Qxb7+ Re7 30.Nc4 Qa4 31.Nb2 Rxb7 32.Nxa4 Ra3 33.Nc5 Rb2 
34.Nb3 Raxa2 35.Rxa2 Rxa2 36.Nd4 Bd3 37.Re1 Rb2 38.Nf3 g5 39.h4 h6 40.hxg5
hxg5 41.Nh2 1/2-1/2

[Event "RUS-chT 1L"]
[Site "Sochi RUS"]
[Date "2005.04.24"]
[Round "6"]
[White "Rogovsky, Vladimir"]
[Black "Rychagov, Andrei"]
[Result "0-1"]
[WhiteElo "2509"]
[BlackElo "2525"]
[EventDate "2005.04.19"]
[PlyCount "146"]

1.e4 e6 2.d4 d5 3.Nc3 Bb4 4.Ne2 dxe4 5.a3 Be7 6.Nxe4 Nf6 7.N2g3 O-O 8.Bc4 
Nc6 9.c3 e5 10.d5 Na5 11.Ba2 b5 12.Nxf6+ Bxf6 13.O-O Nc4 14.b3 Nb6 15.c4 
Ba6 16.Qc2 bxc4 17.bxc4 c6 18.d6 Qxd6 19.c5 Qd3 20.Qxd3 Bxd3 21.cxb6 axb6 
22.Re1 e4 23.Rb1 Bc3 24.Re3 Bd4 25.Rb4 Bc5 26.Rb3 Bxe3 27.Bxe3 c5 28.Rc3 
c4 29.h4 b5 30.Bc5 Rfc8 31.Bb4 g6 32.Rc1 Rd8 33.Nf1 Ra4 34.Bb1 f5 35.Bc2 
Ra6 36.g3 Kf7 37.Ne3 Ke6 38.Ng2 Kf7 39.Nf4 h6 40.Bd1 Rd7 41.Ne2 Ke6 42.Nc3
Rb7 43.Be2 g5 44.Bh5 Ra8 45.hxg5 hxg5 46.g4 Kf6 47.Re1 Rd8 48.Kg2 Bc2 49.
Re2 Bd3 50.Re3 Bc2 51.gxf5 Kxf5 52.Ne2 g4 53.Rg3 Rg7 54.Bc3 Bd1 55.Kf1 
Rgg8 56.Bf7 Rgf8 57.Bh5 Rg8 58.Bf7 Rgf8 59.Bh5 Rg8 60.Ke1 Bxe2 61.Kxe2 Rd3
62.Bf7 Rf8 63.Bh5 Rxg3 64.fxg3 Rd8 65.Bb4 Rd3 66.Be8 c3 67.Bxb5 c2 68.Bd2 
Rxg3 69.Bc1 Rg1 70.Kd2 g3 71.Bd7+ Ke5 72.Bb2+ Kf4 73.Bh3 Rh1 0-1

[Event "RUS-chT 1L"]
[Site "Sochi RUS"]
[Date "2005.04.24"]
[Round "6"]
[White "Sambuev, Bator"]
[Black "Zontakh, Andrei"]
[Result "1-0"]
[WhiteElo "2505"]
[BlackElo "2535"]
[EventDate "2005.04.19"]
[PlyCount "135"]

1.e4 e6 2.d4 d5 3.Nd2 c5 4.exd5 Qxd5 5.Ngf3 cxd4 6.Bc4 Qd6 7.O-O Nf6 8.Nb3
Nc6 9.Nbxd4 Nxd4 10.Nxd4 a6 11.Bb3 Qc7 12.Qf3 Bd6 13.h3 O-O 14.Bg5 Bh2+ 
15.Kh1 Be5 16.c3 Bd7 17.Rad1 Rad8 18.Qe3 h6 19.Nf3 hxg5 20.Nxe5 Bb5 21.c4 
Bc6 22.Nxc6 bxc6 23.Qxg5 c5 24.Qe3 g6 25.Rxd8 Rxd8 26.Rd1 Rxd1+ 27.Bxd1 
Qd6 28.Bf3 Nd7 29.b3 Kf8 30.g3 Ke7 31.Kg2 Ne5 32.h4 Kf8 33.Qc3 Qc7 34.Be4 
a5 35.Qd2 Nd7 36.Qh6+ Ke7 37.Qg5+ Nf6 38.Bf3 Qd6 39.g4 Qd4 40.h5 gxh5 41.
gxh5 Kf8 42.Qe3 Qxe3 43.fxe3 Ng8 44.Kf2 Ke7 45.Ke2 Kd6 46.Kd3 f5 47.Kc3 e5
48.a3 e4 49.Be2 Ke5 50.b4 axb4+ 51.axb4 cxb4+ 52.Kxb4 f4 53.exf4+ Kxf4 54.
c5 Ke5 55.Bc4 Ne7 56.Kc3 Nf5 57.Ba2 Nh6 58.c6 Nf5 59.c7 Ne7 60.h6 Kf6 61.
h7 Kg7 62.Bg8 Nc8 63.Kd4 Nd6 64.Ke5 Nc8 65.Kxe4 Na7 66.Kd5 Nc8 67.Be6 Na7 
68.Ke5 1-0

[Event "RUS-chT 1L"]
[Site "Sochi RUS"]
[Date "2005.04.24"]
[Round "6"]
[White "Shkurikhin, Ilia"]
[Black "Scherbakov, Ruslan"]
[Result "0-1"]
[WhiteElo "2284"]
[BlackElo "2534"]
[EventDate "2005.04.19"]
[PlyCount "48"]

1.d4 Nf6 2.Nf3 c5 3.d5 b5 4.a4 b4 5.c4 g6 6.Nbd2 Bg7 7.e4 d6 8.Bd3 O-O 9.
O-O e5 10.dxe6 Bxe6 11.Nb3 Nc6 12.h3 Qc7 13.Qc2 Rae8 14.Bf4 Nd7 15.Rad1 
Nde5 16.Nxe5 Nxe5 17.Bh2 f5 18.exf5 gxf5 19.f4 Nxd3 20.Rxd3 Bd7 21.Rfd1 
Bxa4 22.Kh1 Rf6 23.Rg3 Rg6 24.Rg5 Re3 0-1

[Event "RUS-chT 1L"]
[Site "Sochi RUS"]
[Date "2005.04.24"]
[Round "6"]
[White "Smirnov, Artiom"]
[Black "Yevseev, Denis"]
[Result "1/2-1/2"]
[WhiteElo "2413"]
[BlackElo "2530"]
[EventDate "2005.04.19"]
[PlyCount "40"]

1.d4 d5 2.c4 c6 3.Nf3 Nf6 4.e3 Bf5 5.Nc3 e6 6.Nh4 Bg6 7.Qb3 Qc7 8.Nxg6 
hxg6 9.g3 Nbd7 10.Bd2 Be7 11.cxd5 exd5 12.Rc1 Nb6 13.Bd3 Qd7 14.a4 Nc8 15.
a5 Nd6 16.f3 Qh3 17.Bf1 Qf5 18.Be2 Qh3 19.Bf1 Qf5 20.Be2 Qh3 1/2-1/2

[Event "RUS-chT 1L"]
[Site "Sochi RUS"]
[Date "2005.04.24"]
[Round "6"]
[White "Sokolov, Dmitri"]
[Black "Gabrielian, Artur"]
[Result "0-1"]
[WhiteElo "2398"]
[BlackElo "2481"]
[EventDate "2005.04.19"]
[PlyCount "113"]

1.e4 c5 2.Nf3 d6 3.d4 cxd4 4.Nxd4 Nf6 5.Nc3 e6 6.Bc4 Be7 7.O-O O-O 8.f4 
Nc6 9.Be3 a6 10.Bb3 Nxd4 11.Bxd4 b5 12.e5 dxe5 13.fxe5 Nd7 14.Ne4 Bb7 15.
Nd6 Bxd6 16.exd6 Qg5 17.Qe2 e5 18.Bc3 Qg6 19.Rf2 Kh8 20.Rd1 f5 21.Bd5 Bxd5
22.Rxd5 Rae8 23.a4 Qe6 24.Rd1 bxa4 25.Qxa6 Ra8 26.Qb7 Rac8 27.Qd5 Qe8 28.
Qa5 Ra8 29.Qb5 a3 30.bxa3 Rxa3 31.Bb2 Ra8 32.c4 Rc8 33.Re1 Rc5 34.Qa6 Qe6 
35.Rc2 Rfc8 36.Ba3 R5c6 37.Qb7 h6 38.c5 e4 39.Bb2 Rxc5 40.Qxc8+ Rxc8 41.
Rxc8+ Kh7 42.Ba3 Ne5 43.Rc3 Qd5 44.Bc5 Nd3 45.Rd1 Qe5 46.Rc2 Nxc5 47.d7 
Ne6 48.d8=Q Nxd8 49.Rxd8 Qa1+ 50.Kf2 Qa7+ 51.Kf1 Qa6+ 52.Re2 f4 53.Rf8 g5 
54.Kf2 Kg7 55.Re8 e3+ 56.Kf3 Qc4 57.Re1 0-1

[Event "RUS-chT 1L"]
[Site "Sochi RUS"]
[Date "2005.04.24"]
[Round "6"]
[White "Soloviov, Sergei"]
[Black "Turov, Maxim"]
[Result "1/2-1/2"]
[WhiteElo "2473"]
[BlackElo "2522"]
[EventDate "2005.04.19"]
[PlyCount "41"]

1.e4 c6 2.d4 d5 3.Nd2 dxe4 4.Nxe4 Bf5 5.Ng3 Bg6 6.h4 h6 7.Nf3 Nd7 8.h5 Bh7
9.Bd3 Bxd3 10.Qxd3 e6 11.Bf4 Qa5+ 12.Bd2 Qc7 13.O-O-O Ngf6 14.Ne4 O-O-O 
15.g3 Nxe4 16.Qxe4 Bd6 17.c4 c5 18.Bc3 Nf6 19.Qc2 cxd4 20.Bxd4 Bc5 21.Bxc5
1/2-1/2

[Event "RUS-chT 1L"]
[Site "Sochi RUS"]
[Date "2005.04.24"]
[Round "6"]
[White "Sveshnikov, Evgeny"]
[Black "Gankin, Stanislav"]
[Result "1-0"]
[WhiteElo "2499"]
[BlackElo "2338"]
[EventDate "2005.04.19"]
[PlyCount "95"]

1.e4 e5 2.d4 d6 3.Nc3 Nf6 4.f4 exd4 5.Qxd4 Be7 6.Nf3 Nc6 7.Bb5 O-O 8.Qd3 
Nb4 9.Qe2 c6 10.Bd3 b5 11.O-O Nxd3 12.cxd3 b4 13.Nd1 a5 14.Nf2 Re8 15.Be3 
c5 16.Rfd1 Ba6 17.Rac1 Rc8 18.Qc2 Nd7 19.Qd2 Nb6 20.b3 d5 21.f5 Bf6 22.
Rxc5 Bc3 23.Qc1 Nd7 24.Rxc8 Qxc8 25.Bd2 dxe4 26.dxe4 Be2 27.Re1 Bxf3 28.
Bxc3 Qxc3 29.Qxc3 bxc3 30.gxf3 Ne5 31.Kg2 g5 32.fxg6 fxg6 33.Rc1 Rc8 34.f4
Nd7 35.Kf3 a4 36.Ke3 axb3 37.axb3 c2 38.Nd3 Rc3 39.b4 Nb6 40.Kd2 Rc4 41.e5
Nd5 42.Rxc2 Re4 43.b5 Kf8 44.Rb2 Nb6 45.Rb4 Rxb4 46.Nxb4 Ke7 47.Kd3 Ke6 
48.Kd4 1-0

[Event "RUS-chT 1L"]
[Site "Sochi RUS"]
[Date "2005.04.24"]
[Round "6"]
[White "Torbin, Kirill"]
[Black "Pogromsky, Mikhail"]
[Result "1/2-1/2"]
[WhiteElo "2360"]
[BlackElo "2291"]
[EventDate "2005.04.19"]
[PlyCount "138"]

1.d4 Nf6 2.g3 c5 3.dxc5 e6 4.Bg2 Bxc5 5.Nf3 O-O 6.O-O d5 7.c4 Nc6 8.a3 
dxc4 9.Qc2 Qe7 10.Qxc4 Bd7 11.b4 Bb6 12.Bb2 Rac8 13.Qb3 Rfd8 14.Nc3 Be8 
15.e3 Rd3 16.Rac1 Rcd8 17.Qc2 a6 18.Na4 Ba7 19.Nc5 Bxc5 20.Qxc5 Qxc5 21.
Rxc5 Ne4 22.Rc2 Nd2 23.Re1 Nxf3+ 24.Bxf3 Rd2 25.Rec1 f6 26.Bc3 Rxc2 27.
Rxc2 Bg6 28.Rc1 Bd3 29.Bd1 Kf7 30.f4 Be4 31.a4 Ne7 32.Kf2 Rc8 33.Bb2 Rxc1 
34.Bxc1 Nd5 35.Bd2 Nb6 36.Bb3 Bc6 37.a5 Nd7 38.g4 g6 39.Bc3 f5 40.g5 Bd5 
41.Ba4 Bc6 42.Bd1 Bb5 43.Bc2 Bc6 44.Ke2 Bb5+ 45.Kd2 Bc6 46.h4 Bb5 47.e4 
fxe4 48.Bxe4 Bc6 49.Bc2 Bd5 50.Ke3 Bc6 51.Bd1 Kf8 52.h5 Kf7 53.h6 Kf8 54.
f5 exf5 55.Bb3 Ke7 56.Bg8 Kf8 57.Ba2 Ke7 58.Kf4 Be4 59.Bd4 Bc6 60.Bg8 Kf8 
61.Be6 Ke7 62.Bb3 Ke8 63.Ke3 Ke7 64.Bg8 Be4 65.Bc4 Bc6 66.Bb3 Be4 67.Bg8 
Bc6 68.Bc4 Bb5 69.Bg8 Bc6 1/2-1/2

[Event "RUS-chT 1L"]
[Site "Sochi RUS"]
[Date "2005.04.24"]
[Round "6"]
[White "Zimmerman, Yury"]
[Black "Namgilov, Sogto"]
[Result "1/2-1/2"]
[WhiteElo "2366"]
[BlackElo "2462"]
[EventDate "2005.04.19"]
[PlyCount "82"]

1.d4 Nf6 2.c4 c6 3.Nf3 d5 4.e3 Bf5 5.cxd5 cxd5 6.Qb3 Qc7 7.Bd2 Nc6 8.Bb5 
e6 9.O-O Bd6 10.Rc1 O-O 11.Qa4 Rfc8 12.Bxc6 bxc6 13.Bb4 Bxb4 14.Qxb4 Qb6 
15.Qa3 Bxb1 16.Raxb1 Ne4 17.Ne5 Rc7 18.Nd3 Rac8 19.Rc2 c5 20.dxc5 Nxc5 21.
Nxc5 Rxc5 22.Rxc5 Qxc5 23.Qxc5 Rxc5 24.b4 Rc2 25.a4 Kf8 26.Kf1 Ke7 27.b5 
Ra2 28.Rb4 Kd6 29.b6 axb6 30.Rxb6+ Ke5 31.Rb4 h5 32.h4 f6 33.g3 g5 34.hxg5
fxg5 35.f4+ Kf5 36.fxg5 Kxg5 37.e4 dxe4 38.Rxe4 Kf5 39.Rf4+ Kg5 40.Re4 Kf5
41.Rf4+ Kg5 1/2-1/2

[Event "RUS-chT 1L"]
[Site "Sochi RUS"]
[Date "2005.04.25"]
[Round "7"]
[White "Dvoirys, Semen"]
[Black "Lugovoi, Alexei"]
[Result "1/2-1/2"]
[WhiteElo "2568"]
[BlackElo "2557"]
[EventDate "2005.04.19"]
[PlyCount "47"]

1.e4 c5 2.Nf3 d6 3.d4 cxd4 4.Nxd4 Nf6 5.Nc3 Nc6 6.Bg5 e6 7.Qd2 a6 8.O-O-O 
Bd7 9.f4 h6 10.Bxf6 Qxf6 11.Nf3 Qd8 12.f5 Be7 13.fxe6 fxe6 14.Ne2 Qa5 15.
Qxa5 Nxa5 16.e5 d5 17.Nf4 g5 18.Nh5 Nc6 19.h3 O-O 20.c4 Rac8 21.Kb1 Be8 
22.cxd5 Nb4 23.d6 Bg6+ 24.Ka1 1/2-1/2

[Event "RUS-chT 1L"]
[Site "Sochi RUS"]
[Date "2005.04.25"]
[Round "7"]
[White "Gladyshev, Oleg"]
[Black "Deviatkin, Andrei"]
[Result "0-1"]
[WhiteElo "2434"]
[BlackElo "2510"]
[EventDate "2005.04.19"]
[PlyCount "70"]

1.d4 d5 2.c4 c6 3.Nf3 Nf6 4.Nc3 dxc4 5.a4 Bf5 6.e3 e6 7.Bxc4 Bb4 8.O-O O-O
9.Qe2 Bg6 10.Ne5 Nbd7 11.Nxg6 hxg6 12.Rd1 Qa5 13.e4 e5 14.Na2 Be7 15.d5 
cxd5 16.exd5 Bd6 17.Bd2 Qd8 18.Nc3 a6 19.Bg5 Qa5 20.Bd2 Qc7 21.Rac1 Rac8 
22.Ba2 Qb6 23.Be3 Qb4 24.Bd2 Qxb2 25.Rb1 Qc2 26.Rdc1 Qf5 27.Rxb7 Nc5 28.
Bb1 e4 29.Rb6 Be5 30.Rc6 Nb3 31.Re1 Nd4 32.Qxa6 Bxh2+ 33.Kxh2 Ng4+ 34.Kg3 
Qxf2+ 35.Kh3 Nf5 0-1

[Event "RUS-chT 1L"]
[Site "Sochi RUS"]
[Date "2005.04.25"]
[Round "7"]
[White "Khairullin, Ildar"]
[Black "Sveshnikov, Evgeny"]
[Result "1-0"]
[WhiteElo "2517"]
[BlackElo "2499"]
[EventDate "2005.04.19"]
[PlyCount "101"]

1.e4 c5 2.c3 Nf6 3.e5 Nd5 4.Nf3 Nc6 5.Bc4 Nb6 6.Bb3 c4 7.Bc2 Qc7 8.Qe2 g5 
9.h3 Bg7 10.O-O g4 11.hxg4 Nxe5 12.Re1 d6 13.Nxe5 dxe5 14.d4 h5 15.gxh5 
exd4 16.cxd4 Be6 17.Nc3 O-O-O 18.Be4 Qd7 19.Bf4 Bg4 20.Bf3 Bxf3 21.Qxf3 
Bxd4 22.Rad1 Qe8 23.Bh2 Rg8 24.Qf4 e5 25.Qf5+ Qd7 26.Rxe5 Qxf5 27.Rxf5 f6 
28.Bf4 Rd7 29.Nd5 Bc5 30.Nxb6+ axb6 31.Rxd7 Kxd7 32.Rxf6 Ke7 33.Rf5 Ke6 
34.Re5+ Kf6 35.Re2 b5 36.a3 b4 37.axb4 Bxb4 38.f3 b5 39.g4 Bc5+ 40.Kg2 Bd4
41.Rd2 Be5 42.Bxe5+ Kxe5 43.Rd7 Rb8 44.h6 Ke6 45.Rg7 b4 46.h7 Rh8 47.Rc7 
c3 48.bxc3 bxc3 49.Kg3 c2 50.Rxc2 Rxh7 51.Rc6+ 1-0

[Event "RUS-chT 1L"]
[Site "Sochi RUS"]
[Date "2005.04.25"]
[Round "7"]
[White "Miroshnichenko, Evgeny"]
[Black "Rychagov, Andrei"]
[Result "1-0"]
[WhiteElo "2628"]
[BlackElo "2525"]
[EventDate "2005.04.19"]
[PlyCount "73"]

1.Nf3 d5 2.d4 Nf6 3.c4 e6 4.g3 Be7 5.Bg2 O-O 6.Qc2 dxc4 7.Nbd2 Bd7 8.Ne5 
Nc6 9.Qxc4 Nxe5 10.dxe5 Nd5 11.O-O Bc6 12.Qg4 Qd7 13.Nf3 f5 14.exf6 Nxf6 
15.Qd4 Qxd4 16.Nxd4 Bxg2 17.Kxg2 Kf7 18.Nf3 Bc5 19.Bf4 Bd6 20.Bd2 Rad8 21.
Rfc1 e5 22.Rc4 Rfe8 23.Rac1 c6 24.e4 h6 25.Kf1 Ke6 26.Be3 Ng4 27.Bd2 Rf8 
28.Ke2 Bc7 29.Bb4 Rf7 30.Bc5 Bb6 31.R1c3 Nf6 32.Ba3 Ng4 33.h3 Nxf2 34.
Rxc6+ bxc6 35.Rxc6+ Kd7 36.Nxe5+ Ke8 37.Re6+ 1-0

[Event "RUS-chT 1L"]
[Site "Sochi RUS"]
[Date "2005.04.25"]
[Round "7"]
[White "Rodchenkov, Sergei"]
[Black "Namgilov, Sogto"]
[Result "1-0"]
[WhiteElo "2359"]
[BlackElo "2462"]
[EventDate "2005.04.19"]
[PlyCount "49"]

1.e4 c5 2.Nf3 d6 3.d4 cxd4 4.Nxd4 Nf6 5.Nc3 a6 6.Be2 e6 7.O-O Be7 8.f4 Qc7
9.Kh1 O-O 10.Be3 Nc6 11.Qe1 Nxd4 12.Bxd4 e5 13.fxe5 dxe5 14.Qg3 Bd6 15.Be3
Kh8 16.Rxf6 gxf6 17.Nd5 Rg8 18.Qh4 Qd8 19.Nxf6 Rg7 20.Rd1 Qf8 21.Bh6 Be7 
22.Rd3 Qg8 23.Qf2 Rxg2 24.Nxg8 Rxf2 25.Nxe7 1-0

[Event "RUS-chT 1L"]
[Site "Sochi RUS"]
[Date "2005.04.25"]
[Round "8"]
[White "Anisimov, Pavel"]
[Black "Kositsin, Sergey"]
[Result "1-0"]
[WhiteElo "2476"]
[BlackElo "2446"]
[EventDate "2005.04.19"]
[PlyCount "103"]

1.e4 e5 2.Nf3 Nc6 3.Bb5 a6 4.Ba4 d6 5.c3 g6 6.d4 Bd7 7.Bg5 f6 8.Bh4 Bg7 9.
Bb3 Nh6 10.dxe5 dxe5 11.Nbd2 Nf7 12.Nc4 Ne7 13.Ne3 O-O 14.Qc2 Bc6 15.Rd1 
Qe8 16.O-O Kh8 17.Nd5 Nxd5 18.Bxd5 Rd8 19.Bxf7 Qxf7 20.Nxe5 Qxa2 21.Nxc6 
bxc6 22.Ra1 Qc4 23.Bg3 Rd7 24.f3 Bh6 25.Rad1 Rfd8 26.Rxd7 Rxd7 27.Rd1 Be3+
28.Bf2 Bxf2+ 29.Kxf2 Rxd1 30.Qxd1 Qc5+ 31.Qd4 Qd6 32.Qxd6 cxd6 33.Ke3 Kg7 
34.Kd4 Kf7 35.Kc4 f5 36.exf5 gxf5 37.Kb4 c5+ 38.Kc4 Ke6 39.f4 h6 40.g3 h5 
41.h3 Kd7 42.Kd5 a5 43.c4 a4 44.h4 Ke7 45.Kc6 Ke6 46.Kb5 Kd7 47.Kxa4 Kc6 
48.Ka5 d5 49.cxd5+ Kxd5 50.Kb6 Kc4 51.Kc6 Kb4 52.b3 1-0

[Event "RUS-chT 1L"]
[Site "Sochi RUS"]
[Date "2005.04.25"]
[Round "8"]
[White "Ayupov, Damir"]
[Black "Nevostruev, Vladimir"]
[Result "1/2-1/2"]
[WhiteElo "2364"]
[BlackElo "2481"]
[EventDate "2005.04.19"]
[PlyCount "38"]

1.d4 Nf6 2.c4 g6 3.Nc3 Bg7 4.e4 d6 5.Nf3 O-O 6.Be2 e5 7.O-O Na6 8.dxe5 
dxe5 9.Be3 Qe7 10.Nd5 Qd8 11.Qc2 c6 12.Nxf6+ Bxf6 13.Rfd1 Qe7 14.c5 Nc7 
15.h3 Be6 16.Rd2 Rfd8 17.Rad1 Rxd2 18.Rxd2 Rd8 19.b4 Rxd2 1/2-1/2

[Event "RUS-chT 1L"]
[Site "Sochi RUS"]
[Date "2005.04.25"]
[Round "8"]
[White "Babiy, Anatoly"]
[Black "Soloviov, Sergei"]
[Result "1/2-1/2"]
[WhiteElo "2473"]
[BlackElo "2473"]
[EventDate "2005.04.19"]
[PlyCount "123"]

1.d4 d5 2.Nf3 c6 3.c4 Nf6 4.Nc3 e6 5.e3 Nbd7 6.Qc2 Bd6 7.Be2 O-O 8.O-O 
dxc4 9.Bxc4 a6 10.e4 e5 11.Rd1 Qc7 12.g3 b5 13.Bf1 Re8 14.Bg2 Bb7 15.h3 h6
16.Be3 Rad8 17.Rac1 Qb8 18.a3 Bc7 19.dxe5 Nxe5 20.Nxe5 Bxe5 21.Rxd8 Qxd8 
22.Ne2 c5 23.Rd1 Qa8 24.f3 c4 25.Kf2 Rd8 26.Bd4 Bxd4+ 27.Rxd4 Qa7 28.Qc3 
Qb6 29.Qe3 Re8 30.Rd2 Qc7 31.Qd4 a5 32.Qd6 Rc8 33.Qxc7 Rxc7 34.Rd8+ Kh7 
35.Rd6 b4 36.axb4 axb4 37.Rb6 b3 38.Rd6 Nd7 39.Nc3 f5 40.Ke3 fxe4 41.fxe4 
Ne5 42.Bf1 Bc8 43.g4 Ra7 44.Rd5 Ng6 45.Bxc4 Be6 46.Rc5 Bxc4 47.Rxc4 Ra1 
48.Rc5 Rh1 49.Rh5 Rh2 50.Ne2 Nf8 51.Rf5 Ng6 52.Rf2 Rxh3+ 53.Kd4 Rh1 54.Rg2
Rh3 55.e5 Rf3 56.Ke4 Rf1 57.Rg3 Re1 58.Re3 Kg8 59.Kf5 Nh4+ 60.Ke6 Ng6 61.
Kf5 Nh4+ 62.Ke6 1/2-1/2

[Event "RUS-chT 1L"]
[Site "Sochi RUS"]
[Date "2005.04.25"]
[Round "8"]
[White "Balberov, Alexander"]
[Black "Gankin, Stanislav"]
[Result "1/2-1/2"]
[WhiteElo "2403"]
[BlackElo "2338"]
[EventDate "2005.04.19"]
[PlyCount "90"]

1.e4 e5 2.Nf3 Nc6 3.Bb5 a6 4.Ba4 Nf6 5.d3 b5 6.Bb3 Bc5 7.O-O d6 8.c3 Bb6 
9.h3 Na5 10.Bc2 c5 11.Re1 Nc6 12.a4 b4 13.Nbd2 O-O 14.Nc4 h6 15.Nh4 Bc7 
16.Qf3 d5 17.Ne3 Ne7 18.cxb4 cxb4 19.Nhf5 Nxf5 20.Nxf5 Bxf5 21.Qxf5 Qc8 
22.Qxc8 Raxc8 23.exd5 Nxd5 24.Bb3 Nf4 25.Bxf4 exf4 26.Re4 a5 27.Rc1 Bd6 
28.Rce1 Rfd8 29.Kf1 Kf8 30.Ke2 Re8 31.Kd2 Rxe4 32.Rxe4 g5 33.d4 Re8 34.
Rxe8+ Kxe8 35.Kd3 f6 36.Kc4 Kd7 37.Kb5 Bc7 38.Kc5 Bd6+ 39.Kd5 Bc7 40.Bd1 
Bb6 41.Bg4+ Kc7 42.b3 Ba7 43.f3 Bb6 44.Bh5 Ba7 45.Bf7 Bb6 1/2-1/2

[Event "RUS-chT 1L"]
[Site "Sochi RUS"]
[Date "2005.04.25"]
[Round "8"]
[White "Dobrov, Vladimir"]
[Black "Chebotarev, Oleg"]
[Result "0-1"]
[WhiteElo "2521"]
[BlackElo "2480"]
[EventDate "2005.04.19"]
[PlyCount "55"]

1.d4 e6 2.c4 Nf6 3.Nf3 c5 4.e3 d5 5.Nc3 cxd4 6.exd4 Be7 7.cxd5 Nxd5 8.Bd3 
O-O 9.O-O Nc6 10.Re1 Nf6 11.a3 b6 12.Bc2 Ba6 13.b4 Bc4 14.b5 Na5 15.Ne5 
Rc8 16.Re3 Bd6 17.Rh3 Bxe5 18.Bxh7+ Nxh7 19.Qh5 Bd3 20.Rxd3 f5 21.Qe2 Bxd4
22.Be3 Rxc3 23.Rxd4 Qc8 24.Rad1 Nf6 25.Bg5 Nd5 26.Rh4 Qe8 27.Bc1 Rc5 28.
Re1 0-1

[Event "RUS-chT 1L"]
[Site "Sochi RUS"]
[Date "2005.04.25"]
[Round "8"]
[White "Firman, Nazar"]
[Black "Kolesnikov, Evgeny"]
[Result "1-0"]
[WhiteElo "2471"]
[BlackElo "2328"]
[EventDate "2005.04.19"]
[PlyCount "107"]

1.e4 c5 2.Nf3 e6 3.d4 cxd4 4.Nxd4 a6 5.Nc3 b5 6.Bd3 Bb7 7.O-O Qc7 8.Re1 
Nf6 9.e5 Nd5 10.Ne4 Qxe5 11.Nf5 Qc7 12.Bg5 g6 13.Nf6+ Nxf6 14.Bxf6 Rg8 15.
Qg4 Nc6 16.Rad1 Nb4 17.Be5 Qb6 18.Qg3 O-O-O 19.Nd6+ Bxd6 20.Bxd6 Nxd3 21.
Rxd3 Bc6 22.c4 Kb7 23.Rb3 Qd4 24.Rc1 Rc8 25.a4 h5 26.Be5 Qg4 27.axb5 axb5 
28.f3 Qxg3 29.hxg3 d5 30.cxb5 Bd7 31.Rcc3 g5 32.Kf2 g4 33.b6 Rc6 34.Ke3 
gxf3 35.gxf3 f6 36.Bxf6 Rxg3 37.Bd4 Rg5 38.Rxc6 Bxc6 39.Ra3 e5 40.Bc5 Kc8 
41.Ra7 Bb7 42.Bd6 Rf5 43.Ra5 Kd7 44.Bb8 e4 45.Rc5 Rxf3+ 46.Kd4 Rd3+ 47.Ke5
Bc6 48.b4 e3 49.b5 Bxb5 50.Rc7+ Kd8 51.Kd6 Ba6 52.Re7 Kc8 53.Re8+ Kb7 54.
Bc7 1-0

[Event "RUS-chT 1L"]
[Site "Sochi RUS"]
[Date "2005.04.25"]
[Round "8"]
[White "Isaevsky, Anton"]
[Black "Bezgodov, Alexei"]
[Result "1-0"]
[WhiteElo "2429"]
[BlackElo "2555"]
[EventDate "2005.04.19"]
[PlyCount "117"]

1.d4 d5 2.c4 e6 3.Nf3 c5 4.cxd5 exd5 5.Nc3 Nc6 6.g3 Nf6 7.Bg2 Be7 8.O-O 
O-O 9.dxc5 Bxc5 10.Bg5 d4 11.Bxf6 Qxf6 12.Nd5 Qd8 13.Nd2 Re8 14.Rc1 Bf8 
15.Nb3 Bg4 16.Re1 Re5 17.Nf4 Bb4 18.Nd2 Rc5 19.Rxc5 Bxc5 20.a3 Rc8 21.Ne4 
Bf8 22.Nd3 Bf5 23.Qd2 Qe7 24.Qg5 Bxe4 25.Qxe7 Nxe7 26.Bxe4 b6 27.Ne5 g6 
28.Rd1 Bg7 29.Nf3 Rd8 30.e3 d3 31.b3 Bb2 32.a4 d2 33.Rxd2 Rxd2 34.Nxd2 f5 
35.Bb7 Kf7 36.Kf1 Ke6 37.Ke2 Bf6 38.Kd3 Kd6 39.f4 Kc5 40.e4 Kb4 41.e5 Bg7 
42.h4 h6 43.Kd4 Bf8 44.Ba6 Ka3 45.Bb5 Kb2 46.Kc4 Kc2 47.Nf3 h5 48.Be8 Bh6 
49.Bf7 Kd1 50.Kd3 Bf8 51.b4 Kc1 52.b5 Kb2 53.Nd4 Ka3 54.Nc6 a5 55.Nxe7 
Bxe7 56.Bxg6 Kxa4 57.Kc4 Ka3 58.Bxh5 Kb2 59.Bd1 1-0

[Event "RUS-chT 1L"]
[Site "Sochi RUS"]
[Date "2005.04.25"]
[Round "8"]
[White "Isaevsky, Anton"]
[Black "Sambuev, Bator"]
[Result "1-0"]
[WhiteElo "2429"]
[BlackElo "2505"]
[EventDate "2005.04.19"]
[PlyCount "137"]

1.d4 e6 2.c4 Nf6 3.Nf3 Bb4+ 4.Nbd2 b6 5.g3 Bb7 6.Bg2 c5 7.O-O cxd4 8.Nb3 
O-O 9.Nbxd4 a6 10.b3 Be7 11.Bb2 d6 12.e3 Nbd7 13.Qe2 Qc7 14.Rfd1 Rac8 15.
Rac1 Qb8 16.Nd2 Bxg2 17.Kxg2 Qb7+ 18.Qf3 Qxf3+ 19.Kxf3 Rc7 20.Nb1 Rfc8 21.
Nc3 g5 22.h3 Nc5 23.Ke2 Nfe4 24.Nb1 h5 25.g4 h4 26.f3 Ng3+ 27.Kd2 Bf6 28.
Nc3 Kf8 29.Rc2 Ke7 30.Rdc1 Nd7 31.Rd1 Ne5 32.Rcc1 Nc6 33.Na4 Nxd4 34.Bxd4 
Bxd4 35.exd4 b5 36.Nb6 Rb8 37.c5 dxc5 38.dxc5 Rd8+ 39.Ke1 Rxd1+ 40.Kxd1 f5
41.b4 fxg4 42.fxg4 Kd8 43.Kd2 Rf7 44.Ke3 Rf1 45.Rxf1 Nxf1+ 46.Kd4 Kc7 47.
a3 Nh2 48.Ke4 Kd8 49.c6 Kc7 50.Nd7 Nf1 51.Nc5 Nd2+ 52.Kd3 Nc4 53.Nxe6+ 
Kxc6 54.Nxg5 Kd5 55.Nf3 Nxa3 56.Nd2 a5 57.bxa5 b4 58.g5 Nb5 59.g6 Ke6 60.
Kc4 Nc7 61.Kxb4 Kf6 62.Nf3 Kxg6 63.Nxh4+ Kf6 64.Kc5 Ke7 65.Kc6 Kd8 66.Kb7 
Ne6 67.Nf5 Nc5+ 68.Kc6 Nd3 69.a6 1-0

[Event "RUS-chT 1L"]
[Site "Sochi RUS"]
[Date "2005.04.25"]
[Round "8"]
[White "Iskusnyh, Sergei"]
[Black "Gabdrakhmanov, Rafail"]
[Result "1-0"]
[WhiteElo "2474"]
[BlackElo "2425"]
[EventDate "2005.04.19"]
[PlyCount "85"]

1.d4 Nf6 2.c4 d6 3.Nf3 g6 4.Nc3 Bg7 5.e4 O-O 6.Be2 Nbd7 7.O-O e5 8.Be3 a6 
9.Qc2 Ng4 10.Bg5 Bf6 11.Bxf6 Ngxf6 12.Rad1 Re8 13.dxe5 dxe5 14.c5 Qe7 15.
b4 Nf8 16.Rfe1 a5 17.a3 axb4 18.axb4 Bg4 19.Nd5 Nxd5 20.exd5 e4 21.Nd4 
Bxe2 22.Rxe2 Rad8 23.Nb5 Qd7 24.Qc4 Re5 25.d6 Qe6 26.Qd4 cxd6 27.Nxd6 Qe7 
28.Nf5 gxf5 29.Qxd8 Qe6 30.Qd6 Qb3 31.Re3 Qb2 32.Rg3+ Ng6 33.Qd2 Qxd2 34.
Rxd2 f4 35.Ra3 Kg7 36.Kf1 Rh5 37.Rd4 f5 38.Rh3 Rxh3 39.gxh3 f3 40.b5 Ne5 
41.c6 bxc6 42.b6 c5 43.Rd5 1-0

[Event "RUS-chT 1L"]
[Site "Sochi RUS"]
[Date "2005.04.25"]
[Round "8"]
[White "Klimov, Sergey"]
[Black "Novik, Maxim"]
[Result "1-0"]
[WhiteElo "2490"]
[BlackElo "2494"]
[EventDate "2005.04.19"]
[PlyCount "277"]

1.d4 d5 2.c4 e6 3.Nc3 c5 4.cxd5 exd5 5.Nf3 Nc6 6.g3 Nf6 7.Bg2 Be7 8.O-O 
O-O 9.Bg5 cxd4 10.Nxd4 h6 11.Bf4 Bg4 12.h3 Bh5 13.Rc1 Qb6 14.Nf5 Rfe8 15.
Nxd5 Nxd5 16.Bxd5 Qxb2 17.Rb1 Qf6 18.Rxb7 Rad8 19.g4 Bg6 20.e4 Bxf5 21.
gxf5 Nb4 22.Bc7 Rc8 23.Rxa7 Bc5 24.Rb7 Re7 25.Bg3 Rxb7 26.Bxb7 Rd8 27.Qg4 
Qb6 28.a3 Qxb7 29.axb4 Qxb4 30.Be5 Bf8 31.Bxg7 Bxg7 32.f6 Qf8 33.Kh1 Kh8 
34.Qf5 Rd6 35.fxg7+ Kxg7 36.Rg1+ Kh8 37.Qe5+ Kh7 38.Qf5+ Kh8 39.Rc1 Re6 
40.Rc7 Kg8 41.Rc3 Qe7 42.Rg3+ Kh8 43.Qf4 Kh7 44.Qg4 Rg6 45.Qf5 Kg7 46.
Rxg6+ fxg6 47.Qd5 Qf6 48.Qd7+ Kf8 49.Qc8+ Kg7 50.Qc7+ Kf8 51.Kg2 Qd4 52.
Qb7 Qe5 53.Qd5 Qf4 54.Qe6 Kg7 55.Qg4 Qd2 56.h4 h5 57.Qg5 Qe2 58.Qe5+ Kf7 
59.Qf4+ Ke6 60.Qf3 Qe1 61.Qb3+ Kf6 62.Qb6+ Kf7 63.Qc7+ Ke6 64.Qc6+ Kf7 65.
Qd7+ Kf6 66.Qd4+ Ke6 67.Qd5+ Kf6 68.Qg5+ Kf7 69.Qf4+ Ke6 70.Qf3 Ke5 71.
Qg3+ Kf6 72.f3 Qd2+ 73.Qf2 Qf4 74.Qd4+ Ke6 75.Qd5+ Kf6 76.Qd8+ Kf7 77.Qg5 
Qc7 78.e5 Qc6 79.Qf4+ Ke7 80.Kg3 Qb6 81.Qd2 Qe6 82.Qb4+ Kf7 83.Qb7+ Kg8 
84.Qe4 Kg7 85.Qd4 Kf7 86.Kf4 Qf5+ 87.Ke3 Qe6 88.Qa7+ Ke8 89.Qb8+ Kf7 90.
Qc7+ Ke8 91.Qd6 Qf5 92.e6 Qf6 93.Ke2 Qb2+ 94.Kf1 Qf6 95.Kg2 Qd8 96.Qf4 Qe7
97.Qb8+ Qd8 98.Qb5+ Kf8 99.Qb7 Qe7 100.Qb8+ Qe8 101.Qd6+ Qe7 102.Qf4+ Kg7 
103.Qe5+ Qf6 104.Qe4 Kf8 105.Qc6 Ke7 106.Qd7+ Kf8 107.Qc8+ Ke7 108.Qd7+ 
Kf8 109.Qd6+ Qe7 110.Qc6 Qf6 111.Qc5+ Ke8 112.Qd6 Qe7 113.Qc6+ Kf8 114.Kg3
Kg7 115.Qc3+ Qf6 116.Qe3 Kf8 117.Qc5+ Kg7 118.Qc7+ Kf8 119.Qc5+ Kg7 120.
Qd6 Kg8 121.f4 Qf5 122.Kf2 Qh3 123.Qd8+ Kg7 124.Qe7+ Kh6 125.Qf8+ Kh7 126.
Qf7+ Kh6 127.Qf6 Qh2+ 128.Ke3 Qg1+ 129.Kd3 Qb1+ 130.Kc4 Qa2+ 131.Kc5 Qa5+ 
132.Kd6 Qb6+ 133.Ke7 Qc7+ 134.Kf8 Qc8+ 135.Kf7 Qc7+ 136.Kg8 Qh7+ 137.Kf8 
Qg8+ 138.Ke7 Qh7+ 139.Qf7 1-0